LA CASA DE MICKEY MOUSE (Registro nro. 68761)

Detalles MARC
000 -CABECERA
campo de control de longitud fija 00595nam a22002057a 4500
003 - IDENTIFICADOR DEL NÚMERO DE CONTROL
campo de control BPGM
008 - DATOS DE LONGITUD FIJA--INFORMACIÓN GENERAL
campo de control de longitud fija 260704e2013 mx aacga |||| 00| 0 spa d
040 ## - FUENTE DE LA CATALOGACIÓN
Lengua de catalogación spa
Centro/agencia transcriptor esp
082 04 - NÚMERO DE LA CLASIFICACIÓN DECIMAL DEWEY
Número de clasificación I / 813.6 /
Número de documento/Ítem W374v
100 ## - ENTRADA PRINCIPAL--NOMBRE DE PERSONA
Nombre de persona WEBER, LOUIS
110 ## - ENTRADA PRINCIPAL--NOMBRE DE ENTIDAD CORPORATIVA
Nombre de entidad corporativa o nombre de jurisdicción como elemento de entrada PUBLICATIONS INTERNATIONAL, LTD.
245 ## - MENCIÓN DE TÍTULO
Título LA CASA DE MICKEY MOUSE
Resto del título VAMOS A BAILAR:
260 ## - PUBLICACIÓN, DISTRIBUCIÓN, ETC.
Lugar de publicación, distribución, etc. ESTADOS UNIDOS :
Fecha de publicación, distribución, etc. 2013
300 ## - DESCRIPCIÓN FÍSICA
Extensión 4 páginas ;
Otras características físicas 15.3 cm X 17.4 cm
336 ## - TIPO DE CONTENIDO
Fuente rdacontent
Término de tipo de contenido texto
Código de tipo de contenido txt
337 ## - TIPO DE MEDIO
Fuente rdamedia
Nombre/término del tipo de medio sin mediación
Código del tipo de medio n
338 ## - TIPO DE SOPORTE
Fuente rdacarrier
Nombre/término del tipo de soporte volumen
Código del tipo de soporte nc
700 ## - PUNTO DE ACCESO ADICIONAL--NOMBRE DE PERSONA
Nombre de persona TAWA, RENEE
Término indicativo de función/relación ESCRITOR
942 ## - ELEMENTOS DE PUNTO DE ACCESO ADICIONAL (KOHA)
Fuente del sistema de clasificación o colocación Dewey Decimal Classification
Tipo de ítem Koha General Infantil
Existencias
Estado de retiro Estado de pérdida Fuente del sistema de clasificación o colocación Especificación de materiales (volumen encuadernado u otra parte) Estado dañado No para préstamo Código de colección Localización permanente Ubicación/localización actual Ubicación en estantería Fecha de adquisición Total de préstamos Signatura topográfica completa Fecha visto por última vez Número de copia Precio válido a partir de Tipo de ítem Koha
    Dewey Decimal Classification MATERIAL DIDACTICO VISUAL CON PILA AGOTADA POR EL USO MEDIDAS DE 25.5X29cm     General Infantil BIBLIOTECA PÚBLICA CENTRAL ESTATAL “FRANCISCO CERVANTES” BIBLIOTECA PÚBLICA CENTRAL ESTATAL “FRANCISCO CERVANTES” LUDOTECA 06/30/2026   I / 813.6 / W374v 07/04/2026 EJ. 1 07/04/2026 General Infantil